[Event "Torneo Francisco Benko in Memorian"]
[Site "Buenos Aires ARG"]
[Date "2010.02.17"]
[Round "4.3"]
[White "Cappareli, Damian"]
[Black "Ambrogi, Agustin"]
[Result "0-1"]
[WhiteElo "2277"]
[BlackElo "2262"]
[PlyCount "52"]
[EventDate "2010.02.08"]
[EventType "swiss"]
[EventRounds "9"]
[EventCountry "ARG"]
[Source "lmi"]
[SourceDate "2010.02.08"]

1. d4 d5 2. c4 e6 3. Nf3 Nf6 4. g3 dxc4 5. Bg2 Nc6 6. O-O Rb8 7. a4 a6 8. Na3
b5 9. axb5 axb5 10. e4 Be7 11. Re1 O-O 12. Bg5 h6 13. Bxf6 Bxf6 14. e5 Be7 15.
h4 Nb4 16. h5 Bb7 17. Qd2 Nd3 18. Re2 Bxf3 19. Bxf3 Qxd4 20. Kg2 Rfd8 21. Bc6
Qc5 22. Be4 Nxf2 23. Qf4 Nxe4 24. Rxe4 Bg5 25. Qf3 Rd3 26. Qg4 Rd2+ 0-1

[Event "Torneo Francisco Benko in Memorian"]
[Site "Buenos Aires ARG"]
[Date "2010.02.17"]
[Round "4.4"]
[White "Filgueira, Hernan Ramon"]
[Black "Calens, Diego Esteban"]
[Result "1/2-1/2"]
[WhiteElo "2358"]
[BlackElo "2080"]
[PlyCount "76"]
[EventDate "2010.02.08"]
[EventType "swiss"]
[EventRounds "9"]
[EventCountry "ARG"]
[Source "lmi"]
[SourceDate "2010.02.08"]

1. c4 c5 2. Nf3 Nc6 3. d4 cxd4 4. Nxd4 Nf6 5. Nc3 e6 6. g3 Qb6 7. e3 Bb4 8. Bg2
d5 9. Nc2 dxc4 10. Nxb4 Nxb4 11. O-O O-O 12. e4 Rd8 13. Qe2 Nd3 14. Rd1 Bd7 15.
e5 Nxc1 16. Rdxc1 Ne8 17. Ne4 Bc6 18. Ng5 h6 19. Bxc6 Qxc6 20. Rxc4 Qd5 21. Nf3
Qd3 22. Qxd3 Rxd3 23. Kg2 Rad8 24. Rac1 Kf8 25. Rc8 Ke7 26. R8c5 g5 27. R5c4
R3d5 28. h4 Ng7 29. hxg5 hxg5 30. Rc7+ R8d7 31. g4 f6 32. Rxd7+ Rxd7 33. Rh1
fxe5 34. Re1 Kf6 35. Rxe5 Rd5 36. Re1 e5 37. Rh1 Kg6 38. Re1 Kf6 1/2-1/2

[Event "Torneo Francisco Benko in Memorian"]
[Site "Buenos Aires ARG"]
[Date "2010.02.17"]
[Round "4.5"]
[White "Piñeiro, Dario"]
[Black "Garcia, Raimundo"]
[Result "0-1"]
[WhiteElo "2027"]
[BlackElo "2323"]
[PlyCount "60"]
[EventDate "2010.02.08"]
[EventType "swiss"]
[EventRounds "9"]
[EventCountry "ARG"]
[Source "lmi"]
[SourceDate "2010.02.08"]

1. e4 c6 2. Nc3 d5 3. Nf3 Bg4 4. h3 Bh5 5. Be2 e6 6. O-O Nf6 7. e5 Nfd7 8. d4
Be7 9. Ne1 Bg6 10. f4 O-O 11. g4 f5 12. Kg2 c5 13. Nf3 Nc6 14. Be3 Rc8 15. Qd2
a6 16. g5 Bh5 17. Rfd1 b5 18. Rac1 Qb6 19. Nb1 Bxf3+ 20. Kxf3 cxd4 21. Bxd4
Nxd4+ 22. Qxd4 Bc5 23. Qd3 Qc7 24. Kg2 Ba7 25. Nd2 Nc5 26. Qf3 Na4 27. Qb3 Qb6
28. Rf1 Qd4 29. Nf3 Qxb2 30. Qxb2 Nxb2 0-1

[Event "Torneo Francisco Benko in Memorian"]
[Site "Buenos Aires ARG"]
[Date "2010.02.17"]
[Round "4.6"]
[White "Ibar, Marcelo R"]
[Black "Albarracin, Nicolas"]
[Result "1-0"]
[WhiteElo "2221"]
[BlackElo "2052"]
[PlyCount "45"]
[EventDate "2010.02.08"]
[EventType "swiss"]
[EventRounds "9"]
[EventCountry "ARG"]
[Source "lmi"]
[SourceDate "2010.02.08"]

1. d4 Nf6 2. Nf3 e6 3. g3 d5 4. Bg2 Nbd7 5. O-O Be7 6. c4 b6 7. Ne5 Nxe5 8.
dxe5 Ne4 9. cxd5 exd5 10. Nc3 Nxc3 11. bxc3 Bb7 12. c4 c6 13. cxd5 cxd5 14. Ba3
Bxa3 15. Qa4+ Qd7 16. Qxa3 Qe7 17. Qa4+ Qd7 18. Qxd7+ Kxd7 19. Rac1 Rhd8 20.
Bh3+ Ke8 21. Rc7 Rab8 22. e6 fxe6 23. Rxg7 1-0

[Event "Torneo Francisco Benko in Memorian"]
[Site "Buenos Aires ARG"]
[Date "2010.02.17"]
[Round "4.7"]
[White "Anelli, Antonio Luis"]
[Black "Moccero, Eduardo Manuel"]
[Result "1-0"]
[WhiteElo "2177"]
[BlackElo "2054"]
[PlyCount "45"]
[EventDate "2010.02.08"]
[EventType "swiss"]
[EventRounds "9"]
[EventCountry "ARG"]
[Source "lmi"]
[SourceDate "2010.02.08"]

1. c4 Nf6 2. d4 d5 3. cxd5 Nxd5 4. Nf3 e6 5. e4 Nf6 6. Nc3 Be7 7. Bd3 c6 8. O-O
b6 9. Qe2 Bb7 10. Rd1 Nbd7 11. Bf4 O-O 12. Rac1 c5 13. Bb1 Rc8 14. dxc5 Bxc5
15. a3 a5 16. Ne5 Qe7 17. Nxd7 Nxd7 18. e5 Rfd8 19. Ne4 f6 20. exf6 Nxf6 21.
Nxc5 Rxd1+ 22. Rxd1 Rxc5 23. Bd6 1-0

[Event "Torneo Francisco Benko in Memorian"]
[Site "Buenos Aires ARG"]
[Date "2010.02.17"]
[Round "4.9"]
[White "Gonzalez, Carlos Alberto"]
[Black "Rodriguez, Esteban Emilio"]
[Result "0-1"]
[WhiteElo "2023"]
[BlackElo "2173"]
[PlyCount "74"]
[EventDate "2010.02.08"]
[EventType "swiss"]
[EventRounds "9"]
[EventCountry "ARG"]
[Source "lmi"]
[SourceDate "2010.02.08"]

1. e4 c6 2. d4 d5 3. e5 Bf5 4. c3 e6 5. Be3 Nd7 6. f4 h5 7. Nd2 Nh6 8. Ngf3 Bg4
9. Be2 Nf5 10. Bf2 Be7 11. h3 Bxf3 12. Nxf3 h4 13. Qd2 c5 14. Bd3 g6 15. dxc5
Bxc5 16. Bxc5 Nxc5 17. Bc2 Ng3 18. Rg1 Qb6 19. O-O-O a5 20. Rge1 a4 21. Qd4 Qc6
22. Qb4 a3 23. b3 O-O 24. Kb1 Nce4 25. Bxe4 Nxe4 26. Rc1 Rfc8 27. c4 Qa6 28.
Qb5 Qxb5 29. cxb5 Nc3+ 30. Ka1 Nxb5 31. Kb1 d4 32. Rc4 Nc3+ 33. Ka1 Rxc4 34.
bxc4 Ra4 35. Nxd4 Rxc4 36. Nc2 Nxa2 37. Re2 Nc1 0-1

[Event "Torneo Francisco Benko in Memorian"]
[Site "Buenos Aires ARG"]
[Date "2010.02.17"]
[Round "4.10"]
[White "Filion, Charles"]
[Black "Lida Garcia, Fernando"]
[Result "1-0"]
[WhiteElo "2160"]
[BlackElo "2050"]
[PlyCount "101"]
[EventDate "2010.02.08"]
[EventType "swiss"]
[EventRounds "9"]
[EventCountry "ARG"]
[Source "lmi"]
[SourceDate "2010.02.08"]

1. Nc3 c5 2. e4 Nc6 3. Bb5 g6 4. Bxc6 dxc6 5. Nf3 Bg7 6. d3 Nf6 7. Be3 b6 8. h3
Qc7 9. Qd2 h5 10. O-O-O e5 11. Ng5 Ng8 12. f4 Nh6 13. Nf3 exf4 14. Bxf4 Qe7 15.
e5 Be6 16. Kb1 Bd5 17. Bg5 Qe6 18. Rde1 Bxf3 19. gxf3 Nf5 20. Ne4 Kd7 21. f4
Kc7 22. Qf2 Rae8 23. Rhf1 Qd7 24. Qh2 Re6 25. h4 Rf8 26. Qh3 Rfe8 27. Bf6 Rf8
28. Ng5 Bxf6 29. Nxe6+ Qxe6 30. exf6 Qxf6 31. Rh1 Rd8 32. Re4 b5 33. a3 Nd6 34.
Re5 c4 35. Qe3 cxd3 36. Qxa7+ Nb7 37. cxd3 Rxd3 38. Rhe1 Rd7 39. Qf2 Qd8 40.
Ka2 Nd6 41. Qc5 Nb7 42. Qb4 Qxh4 43. Rc1 Kb6 44. a4 Qf2 45. Rxb5+ cxb5 46.
Qxb5+ Ka7 47. Qxd7 Qxf4 48. Rc7 Qe4 49. a5 h4 50. Qb5 Qe6+ 51. b3 1-0

[Event "Torneo Francisco Benko in Memorian"]
[Site "Buenos Aires ARG"]
[Date "2010.02.18"]
[Round "5.1"]
[White "Obregon, Andres Carlos"]
[Black "Liascovich, Lucas Agustin"]
[Result "1/2-1/2"]
[WhiteElo "2443"]
[BlackElo "2425"]
[PlyCount "24"]
[EventDate "2010.02.08"]
[EventType "swiss"]
[EventRounds "9"]
[EventCountry "ARG"]
[Source "lmi"]
[SourceDate "2010.02.08"]

1. e4 e5 2. Nf3 Nc6 3. Bb5 Nf6 4. O-O Nxe4 5. d4 a6 6. Bxc6 dxc6 7. Nxe5 Be7 8.
Re1 Nd6 9. Bg5 Be6 10. Bxe7 Qxe7 11. Nd2 O-O 12. Qh5 Rad8 1/2-1/2

[Event "Torneo Francisco Benko in Memorian"]
[Site "Buenos Aires ARG"]
[Date "2010.02.18"]
[Round "5.2"]
[White "Ambrogi, Agustin"]
[Black "Bronstein, Luis Marcos"]
[Result "1/2-1/2"]
[WhiteElo "2262"]
[BlackElo "2363"]
[PlyCount "42"]
[EventDate "2010.02.08"]
[EventType "swiss"]
[EventRounds "9"]
[EventCountry "ARG"]
[Source "lmi"]
[SourceDate "2010.02.08"]

1. e4 c5 2. d4 cxd4 3. c3 d5 4. exd5 Qxd5 5. cxd4 Nc6 6. Nf3 e5 7. Nc3 Bb4 8.
Bd2 Bxc3 9. Bxc3 e4 10. Ne5 Nxe5 11. dxe5 Ne7 12. Qa4+ Bd7 13. Qa3 Qe6 14. Rd1
O-O 15. Bc4 Qxc4 16. Rxd7 Nd5 17. Qb3 Qxb3 18. axb3 Nxc3 19. bxc3 Rac8 20. Rxb7
Rxc3 21. Ke2 h5 1/2-1/2

[Event "Torneo Francisco Benko in Memorian"]
[Site "Buenos Aires ARG"]
[Date "2010.02.18"]
[Round "5.3"]
[White "Garcia, Raimundo"]
[Black "Filion, Charles"]
[Result "1-0"]
[WhiteElo "2323"]
[BlackElo "2160"]
[PlyCount "55"]
[EventDate "2010.02.08"]
[EventType "swiss"]
[EventRounds "9"]
[EventCountry "ARG"]
[Source "lmi"]
[SourceDate "2010.02.08"]

1. d4 Nc6 2. c4 e5 3. d5 Nce7 4. Nc3 d6 5. e4 f5 6. exf5 Nxf5 7. Bd3 Nf6 8. Nf3
Be7 9. O-O O-O 10. Qc2 g6 11. Bd2 c6 12. dxc6 bxc6 13. c5 dxc5 14. Nxe5 Bd6 15.
Rae1 Nd4 16. Qd1 Bxe5 17. Rxe5 Ng4 18. Bc4+ Kh8 19. Rg5 Nf6 20. Bf4 Bf5 21. Rg3
Be6 22. Bxe6 Nxe6 23. Be5 Kg8 24. Rd3 Qb6 25. Rd6 Rad8 26. Re1 c4 27. Qe2 Rxd6
28. Bxd6 1-0

[Event "Torneo Francisco Benko in Memorian"]
[Site "Buenos Aires ARG"]
[Date "2010.02.18"]
[Round "5.4"]
[White "Samur, Arturo Angel"]
[Black "Ibar, Marcelo R"]
[Result "1-0"]
[WhiteElo "2139"]
[BlackElo "2221"]
[PlyCount "65"]
[EventDate "2010.02.08"]
[EventType "swiss"]
[EventRounds "9"]
[EventCountry "ARG"]
[Source "lmi"]
[SourceDate "2010.02.08"]

1. e4 e5 2. Nf3 Nc6 3. Bb5 a6 4. Ba4 Nf6 5. d4 exd4 6. O-O Be7 7. Re1 O-O 8. e5
Ne8 9. Bf4 d6 10. Bxc6 bxc6 11. Nxd4 Bd7 12. Nc3 dxe5 13. Bxe5 Bd6 14. Qf3 Bxe5
15. Rxe5 Rb8 16. Rd1 Qf6 17. Qxf6 Nxf6 18. b3 Rfe8 19. Rde1 c5 20. Rxe8+ Nxe8
21. Nf3 Nd6 22. Nd5 Rb7 23. h3 c6 24. Nf4 f6 25. Nd3 Bf5 26. Nxc5 Rb5 27. Na4
Rd5 28. c4 Rd3 29. Nc5 Rc3 30. Rd1 Ne4 31. Na4 Rc2 32. Nd4 Rxf2 33. Re1 1-0

[Event "Torneo Francisco Benko in Memorian"]
[Site "Buenos Aires ARG"]
[Date "2010.02.18"]
[Round "5.5"]
[White "Anaya, Mario Manuel"]
[Black "Anelli, Antonio Luis"]
[Result "1/2-1/2"]
[WhiteElo "1919"]
[BlackElo "2177"]
[PlyCount "55"]
[EventDate "2010.02.08"]
[EventType "swiss"]
[EventRounds "9"]
[EventCountry "ARG"]
[Source "lmi"]
[SourceDate "2010.02.08"]

1. c4 e5 2. Nc3 Nc6 3. d3 f5 4. Nf3 Nf6 5. g3 d6 6. Bg2 g6 7. O-O Bg7 8. Rb1
O-O 9. b4 Nh5 10. Bg5 Bf6 11. Bxf6 Qxf6 12. Nd5 Qg7 13. b5 Nd8 14. Qa4 Ne6 15.
Qa5 b6 16. Qd2 a5 17. Ng5 Rb8 18. Nxe6 Bxe6 19. f4 Kh8 20. Kh1 Rbc8 21. Bf3 Nf6
22. Nxf6 Qxf6 23. fxe5 dxe5 24. c5 Rcd8 25. cxb6 cxb6 26. Rbc1 e4 27. Bxe4 Qe5
28. Bg2 1/2-1/2

[Event "Torneo Francisco Benko in Memorian"]
[Site "Buenos Aires ARG"]
[Date "2010.02.18"]
[Round "5.6"]
[White "Quenallata, Luciano"]
[Black "Negri, Santiago"]
[Result "1/2-1/2"]
[WhiteElo "2173"]
[BlackElo "2104"]
[PlyCount "115"]
[EventDate "2010.02.08"]
[EventType "swiss"]
[EventRounds "9"]
[EventCountry "ARG"]
[Source "lmi"]
[SourceDate "2010.02.08"]

1. d4 Nf6 2. Nf3 g6 3. c4 Bg7 4. Nc3 O-O 5. e4 d6 6. Be3 c5 7. Be2 cxd4 8. Nxd4
Nc6 9. O-O Bd7 10. f3 Nxd4 11. Bxd4 a5 12. Qd2 Bc6 13. b3 Nd7 14. Rfd1 Bxd4+
15. Qxd4 Qb6 16. Qxb6 Nxb6 17. Rd4 Rfc8 18. a3 Nd7 19. Rb1 Kg7 20. Kf2 Rc7 21.
g3 h6 22. Nd1 b6 23. h4 h5 24. Ne3 Bb7 25. f4 Nc5 26. Bf3 Ne6 27. Rd2 Nc5 28.
Nd5 Bxd5 29. Rxd5 Raa7 30. Ke3 Nd7 31. a4 Rc5 32. Kd4 Nf6 33. Rg5 Rd7 34. Rxc5
dxc5+ 35. Ke3 e6 36. e5 Ng8 37. Rg1 Nh6 38. Be4 Rd4 39. Bc2 Ng4+ 40. Ke2 Kf8
41. Rd1 Rxd1 42. Bxd1 Kg7 43. Bc2 Nh6 44. Kf3 Ng8 45. g4 hxg4+ 46. Kxg4 Kh6 47.
Bd3 Ne7 48. Be4 Ng8 49. Bc6 Ne7 50. Be4 Ng8 51. Bd3 Ne7 52. Be4 Nf5 53. Bxf5
gxf5+ 54. Kg3 Kg6 55. Kf3 Kh5 56. Kg3 Kg6 57. Kg2 Kh5 58. Kg3 1/2-1/2

[Event "Torneo Francisco Benko in Memorian"]
[Site "Buenos Aires ARG"]
[Date "2010.02.18"]
[Round "5.7"]
[White "Rodriguez, Esteban Emilio"]
[Black "Naspleda, Federico Daniel"]
[Result "1-0"]
[WhiteElo "2173"]
[BlackElo "2070"]
[PlyCount "79"]
[EventDate "2010.02.08"]
[EventType "swiss"]
[EventRounds "9"]
[EventCountry "ARG"]
[Source "lmi"]
[SourceDate "2010.02.08"]

1. e4 c5 2. Nf3 Nc6 3. d4 cxd4 4. Nxd4 Nf6 5. Nc3 e5 6. Ndb5 d6 7. Nd5 Nxd5 8.
exd5 Nb8 9. c4 a6 10. Nc3 Be7 11. Bd3 O-O 12. O-O f5 13. f3 Nd7 14. Be3 Bg5 15.
Bf2 Qf6 16. Qc2 Qh6 17. Bxf5 Nf6 18. Bxc8 Raxc8 19. Ne4 Nxe4 20. fxe4 Rxf2 21.
Kxf2 Qxh2 22. Ke1 b5 23. b3 Bf4 24. Rb1 h6 25. Qe2 Qg3+ 26. Kd1 Qc3 27. Rf3 Qb4
28. g3 Bg5 29. cxb5 axb5 30. Qd3 Qc5 31. Ke2 Qa3 32. Rf2 Qxa2+ 33. Kf1 Qa5 34.
Qf3 Qb4 35. Kg2 Kh8 36. Rbf1 Rc3 37. Qf8+ Kh7 38. Qf5+ Kh8 39. Qg6 Rxg3+ 40.
Kxg3 1-0

[Event "Torneo Francisco Benko in Memorian"]
[Site "Buenos Aires ARG"]
[Date "2010.02.18"]
[Round "5.8"]
[White "Conde, Adrian"]
[Black "Filgueira, Hernan Ramon"]
[Result "0-1"]
[WhiteElo "2063"]
[BlackElo "2358"]
[PlyCount "106"]
[EventDate "2010.02.08"]
[EventType "swiss"]
[EventRounds "9"]
[EventCountry "ARG"]
[Source "lmi"]
[SourceDate "2010.02.08"]

1. e4 c5 2. c3 Qa5 3. Nf3 d6 4. Bc4 Nf6 5. d3 e6 6. O-O Be7 7. Re1 Qc7 8. Nbd2
d5 9. Bb3 Nc6 10. e5 Nd7 11. d4 g5 12. h3 h6 13. Nf1 cxd4 14. cxd4 Nb6 15. Bd2
a5 16. a3 a4 17. Ba2 Bd7 18. Rc1 Qd8 19. Ng3 Na5 20. Nh5 Nac4 21. Bc3 Bc6 22.
Nh2 Kd7 23. Ng4 Kc7 24. Ne3 Nxe3 25. Rxe3 Nc4 26. Re2 b5 27. Rec2 Kb7 28. Bb4
Bxb4 29. axb4 Qe7 30. b3 axb3 31. Bxb3 Ra3 32. Bxc4 dxc4 33. Nf6 Rd8 34. Rb1
Rd3 35. Rd2 R8xd4 36. Rxd3 Rxd3 37. Qc2 Qd8 38. Qe2 c3 39. Rc1 Rd2 40. Qh5 c2
41. Qxf7+ Kb6 42. Rxc2 Rxc2 43. Qxe6 Qd4 44. Qf5 Rc1+ 45. Kh2 Qf4+ 46. Qxf4
gxf4 47. Ng4 h5 48. Nf6 h4 49. Nh5 f3 50. g3 Rf1 51. gxh4 Rxf2+ 52. Kg1 Rg2+
53. Kf1 Bd5 0-1

[Event "Torneo Francisco Benko in Memorian"]
[Site "Buenos Aires ARG"]
[Date "2010.02.18"]
[Round "5.9"]
[White "Seidler, Aldo Emilio"]
[Black "Malajovich, Sandra"]
[Result "1-0"]
[WhiteElo "2299"]
[BlackElo "2114"]
[PlyCount "51"]
[EventDate "2010.02.08"]
[EventType "swiss"]
[EventRounds "9"]
[EventCountry "ARG"]
[Source "lmi"]
[SourceDate "2010.02.08"]

1. e4 c5 2. Nf3 Nc6 3. d4 cxd4 4. Nxd4 d6 5. Nc3 Nf6 6. Be2 g6 7. Be3 Bg7 8. f3
O-O 9. Qd2 Nxd4 10. Bxd4 Be6 11. g4 Qa5 12. h4 Rfd8 13. a3 Rac8 14. h5 h6 15.
hxg6 fxg6 16. Rxh6 Bxh6 17. Qxh6 Kf7 18. Qe3 Rh8 19. O-O-O Rh3 20. Bf1 Rh1 21.
Re1 b5 22. e5 dxe5 23. Qxe5 Rc6 24. Nxb5 Kg7 25. g5 Rxf1 26. Rxf1 1-0

[Event "Torneo Francisco Benko in Memorian"]
[Site "Buenos Aires ARG"]
[Date "2010.02.18"]
[Round "5.10"]
[White "Spata, German"]
[Black "Calens, Diego Esteban"]
[Result "1/2-1/2"]
[WhiteElo "2288"]
[BlackElo "2080"]
[PlyCount "116"]
[EventDate "2010.02.08"]
[EventType "swiss"]
[EventRounds "9"]
[EventCountry "ARG"]
[Source "lmi"]
[SourceDate "2010.02.08"]

1. Nf3 Nf6 2. g3 c5 3. c4 Nc6 4. Bg2 e6 5. O-O Be7 6. d4 cxd4 7. Nxd4 a6 8. Nc3
O-O 9. e4 Qc7 10. b3 Nxd4 11. Qxd4 d6 12. Bb2 Bd7 13. Rac1 Rac8 14. h3 Qb8 15.
a4 b5 16. cxb5 axb5 17. Nxb5 Bxb5 18. axb5 Qxb5 19. Qe3 Rb8 20. e5 dxe5 21.
Bxe5 Rb6 22. Bd4 Rbb8 23. Ba7 Rbc8 24. Rxc8 Rxc8 25. Rd1 Qb4 26. Bd4 Rd8 27.
Rd3 Qd6 28. Bxf6 Qxd3 29. Bxe7 Qxe3 30. fxe3 Rd3 31. b4 Rxe3 32. b5 Rb3 33. Bc6
Rxg3+ 34. Kh2 Rb3 35. Bc5 Rc3 36. Bf2 Rc2 37. Kg2 Kf8 38. b6 Ke7 39. b7 Rb2 40.
Kf1 Kd6 41. Be4 f5 42. Ba7 Kc7 43. Bf3 e5 44. Bd5 Kd6 45. Be4 Kc7 46. b8=Q+
Rxb8 47. Bxb8+ Kxb8 48. Bxf5 g6 49. Be6 Kc7 50. Kf2 Kd6 51. Bg8 Ke7 52. Kf3 Kf6
53. Bd5 h5 54. Be4 Kg5 55. Kg3 Kh6 56. Kh4 g5+ 57. Kg3 Kg7 58. Kf3 g4+ 1/2-1/2

[Event "Torneo Francisco Benko in Memorian"]
[Site "Buenos Aires ARG"]
[Date "2010.02.24"]
[Round "7.1"]
[White "Rodriguez, Esteban Emilio"]
[Black "Liascovich, Lucas Agustin"]
[Result "0-1"]
[WhiteElo "2173"]
[BlackElo "2425"]
[PlyCount "84"]
[EventDate "2010.02.08"]
[EventType "swiss"]
[EventRounds "9"]
[EventCountry "ARG"]
[Source "lmi"]
[SourceDate "2010.02.08"]

1. e4 c5 2. Nf3 d6 3. d4 Nf6 4. Nc3 cxd4 5. Nxd4 g6 6. g3 Bg7 7. Bg2 O-O 8. O-O
Nc6 9. Nde2 Rb8 10. a4 a6 11. Nd5 Nd7 12. c3 b5 13. axb5 axb5 14. Nd4 Nxd4 15.
cxd4 Bb7 16. Bg5 Re8 17. Qd2 Nb6 18. Qb4 Nxd5 19. exd5 Qb6 20. Ra5 Qxd4 21.
Qxb5 Ba8 22. Qd7 Rbd8 23. Qc7 Qg4 24. Bxe7 Rd7 25. Rxa8 Rxa8 26. Qc6 Qa4 27.
Bg5 Bxb2 28. Bf4 Rdd8 29. Re1 Qa7 30. Bg5 f6 31. Be3 Bd4 32. Bh3 f5 33. Bf1
Rac8 34. Qb5 Bxe3 35. Rxe3 Qc5 36. Qb3 Rb8 37. Qa2 Qd4 38. Qa5 f4 39. gxf4 Qxf4
40. Qc7 Rf8 41. Re2 Qg4+ 42. Kh1 Rb1 0-1

[Event "Torneo Francisco Benko in Memorian"]
[Site "Buenos Aires ARG"]
[Date "2010.02.24"]
[Round "7.2"]
[White "Obregon, Andres Carlos"]
[Black "Filgueira, Hernan Ramon"]
[Result "1-0"]
[WhiteElo "2443"]
[BlackElo "2358"]
[PlyCount "69"]
[EventDate "2010.02.08"]
[EventType "swiss"]
[EventRounds "9"]
[EventCountry "ARG"]
[Source "lmi"]
[SourceDate "2010.02.08"]

1. e4 c5 2. Nf3 e6 3. d4 cxd4 4. Nxd4 a6 5. Bd3 Nf6 6. O-O d6 7. c4 Be7 8. Nc3
O-O 9. Kh1 b6 10. f4 Bb7 11. Qe2 Nc6 12. Be3 Nd7 13. Rad1 Qc7 14. Nxc6 Bxc6 15.
Bd4 Bf6 16. Bxf6 Nxf6 17. Rf3 g6 18. Bb1 Nh5 19. Qd2 Rad8 20. Rd3 Ba8 21. b3
Rc8 22. Rxd6 b5 23. e5 bxc4 24. b4 Qb7 25. a3 Qe7 26. Kg1 a5 27. b5 Ng7 28. Be4
Nf5 29. Bxf5 gxf5 30. b6 Kh8 31. g3 Qb7 32. Rf1 Qh1+ 33. Kf2 Qxh2+ 34. Ke3
Qxg3+ 35. Kd4 1-0

[Event "Torneo Francisco Benko in Memorian"]
[Site "Buenos Aires ARG"]
[Date "2010.02.24"]
[Round "7.3"]
[White "Quenallata, Luciano"]
[Black "Bronstein, Luis Marcos"]
[Result "1/2-1/2"]
[WhiteElo "2173"]
[BlackElo "2363"]
[PlyCount "87"]
[EventDate "2010.02.08"]
[EventType "swiss"]
[EventRounds "9"]
[EventCountry "ARG"]
[Source "lmi"]
[SourceDate "2010.02.08"]

1. e4 Nf6 2. Nc3 e5 3. f4 d5 4. fxe5 Nxe4 5. d3 Nxc3 6. bxc3 c5 7. Nf3 Nc6 8.
Be2 Be7 9. O-O Be6 10. d4 c4 11. a4 O-O 12. Bf4 f6 13. Qd2 fxe5 14. Nxe5 Nxe5
15. dxe5 Qd7 16. Bg5 Rxf1+ 17. Bxf1 Rf8 18. g3 Bxg5 19. Qxg5 d4 20. Qd2 Rd8 21.
cxd4 Qxd4+ 22. Qxd4 Rxd4 23. Rb1 b6 24. c3 Re4 25. Rb4 Kf7 26. Kf2 g5 27. Bd3
Rxe5 28. Bxc4 Rc5 29. Bxe6+ Kxe6 30. c4 g4 31. Ke3 Rh5 32. Kf4 Rxh2 33. a5 bxa5
34. Rb7 Rc2 35. Kxg4 Rxc4+ 36. Kh5 a6 37. Rb6+ Kd5 38. Rxa6 a4 39. g4 Kc5 40.
g5 Kb5 41. Ra7 Rc1 42. Rxh7 Rh1+ 43. Kg6 Rxh7 44. Kxh7 1/2-1/2

[Event "Torneo Francisco Benko in Memorian"]
[Site "Buenos Aires ARG"]
[Date "2010.02.24"]
[Round "7.4"]
[White "Preuss, Maximiliano"]
[Black "Seidler, Aldo Emilio"]
[Result "1-0"]
[WhiteElo "2149"]
[BlackElo "2299"]
[PlyCount "45"]
[EventDate "2010.02.08"]
[EventType "swiss"]
[EventRounds "9"]
[EventCountry "ARG"]
[Source "lmi"]
[SourceDate "2010.02.08"]

1. e4 Nf6 2. Nc3 d5 3. e5 Nfd7 4. e6 fxe6 5. d4 g6 6. h4 Nf6 7. h5 gxh5 8. Be2
Bg7 9. Bxh5+ Kf8 10. Nf3 Nxh5 11. Rxh5 Nd7 12. Bh6 Rg8 13. Qd2 Nf6 14. Rh4 Bd7
15. O-O-O Rc8 16. g4 Bxh6 17. Qxh6+ Rg7 18. g5 Ne8 19. Ne5 Kg8 20. Rdh1 Nf6 21.
gxf6 exf6 22. Qxg7+ Kxg7 23. Rxh7+ 1-0

[Event "Torneo Francisco Benko in Memorian"]
[Site "Buenos Aires ARG"]
[Date "2010.02.24"]
[Round "7.5"]
[White "Calens, Diego Esteban"]
[Black "Garcia, Raimundo"]
[Result "1/2-1/2"]
[WhiteElo "2080"]
[BlackElo "2323"]
[PlyCount "58"]
[EventDate "2010.02.08"]
[EventType "swiss"]
[EventRounds "9"]
[EventCountry "ARG"]
[Source "lmi"]
[SourceDate "2010.02.08"]

1. Nf3 Nf6 2. c4 c5 3. Nc3 e6 4. g3 b6 5. Bg2 Bb7 6. O-O d6 7. d4 cxd4 8. Qxd4
a6 9. b3 Nbd7 10. Rd1 Be7 11. e4 O-O 12. Ba3 Nc5 13. e5 dxe5 14. Qxd8 Rfxd8 15.
Nxe5 Bxg2 16. Kxg2 Rdc8 17. Na4 Rab8 18. Bxc5 bxc5 19. Rd3 Rb7 20. Rad1 g6 21.
f4 Rcc7 22. Kf3 Ne8 23. Ke3 f6 24. Nf3 Kf7 25. g4 Ng7 26. Nc3 Ke8 27. h3 Rd7
28. Ne4 Rxd3+ 29. Rxd3 Rd7 1/2-1/2

[Event "Torneo Francisco Benko in Memorian"]
[Site "Buenos Aires ARG"]
[Date "2010.02.24"]
[Round "7.6"]
[White "Spata, German"]
[Black "Filion, Charles"]
[Result "1/2-1/2"]
[WhiteElo "2288"]
[BlackElo "2160"]
[PlyCount "80"]
[EventDate "2010.02.08"]
[EventType "swiss"]
[EventRounds "9"]
[EventCountry "ARG"]
[Source "lmi"]
[SourceDate "2010.02.08"]

1. Nf3 Nf6 2. c4 g6 3. b3 Bg7 4. Bb2 d6 5. d4 O-O 6. g3 e5 7. dxe5 Ng4 8. Bg2
Nc6 9. O-O dxe5 10. h3 Nh6 11. e4 Nd4 12. Nxd4 exd4 13. f4 c5 14. g4 f6 15. Nd2
g5 16. Nf3 Nf7 17. b4 b6 18. e5 Be6 19. exf6 Bxf6 20. fxg5 Nxg5 21. Nxg5 Bxg5
22. Rxf8+ Qxf8 23. Bc1 Bxc1 24. Rxc1 Rc8 25. Qe2 Qd6 26. bxc5 bxc5 27. Qd2 Rf8
28. Qd3 Qe5 29. Rb1 Qe3+ 30. Qxe3 dxe3 31. Re1 Bxc4 32. Rxe3 Bxa2 33. Ra3 Bf7
34. Rxa7 Rc8 35. Kf2 c4 36. Ra8 Rxa8 37. Bxa8 Kf8 38. Ke3 Ke7 39. Kd4 Kf6 40.
h4 h6 1/2-1/2

[Event "Torneo Francisco Benko in Memorian"]
[Site "Buenos Aires ARG"]
[Date "2010.02.24"]
[Round "7.7"]
[White "Naspleda, Federico Daniel"]
[Black "Cappareli, Damian"]
[Result "1/2-1/2"]
[WhiteElo "2070"]
[BlackElo "2277"]
[PlyCount "49"]
[EventDate "2010.02.08"]
[EventType "swiss"]
[EventRounds "9"]
[EventCountry "ARG"]
[Source "lmi"]
[SourceDate "2010.02.08"]

1. e4 c5 2. Nf3 a6 3. d3 Nc6 4. g3 g6 5. Bg2 Bg7 6. O-O e6 7. c3 Nge7 8. d4
cxd4 9. cxd4 d5 10. e5 Bd7 11. Nc3 b5 12. Bf4 Qb6 13. Qd2 O-O 14. h4 Rac8 15.
h5 Nf5 16. Rad1 Na5 17. b3 b4 18. Ne2 gxh5 19. Nh4 Bb5 20. Nxf5 exf5 21. Bxd5
Rfd8 22. Bg2 Nc6 23. Bg5 Rd7 24. Bxc6 Rxc6 25. Bf4 1/2-1/2

[Event "Torneo Francisco Benko in Memorian"]
[Site "Buenos Aires ARG"]
[Date "2010.02.24"]
[Round "7.8"]
[White "Ambrogi, Agustin"]
[Black "Echeguren, Gustavo"]
[Result "1-0"]
[WhiteElo "2262"]
[BlackElo "2048"]
[PlyCount "95"]
[EventDate "2010.02.08"]
[EventType "swiss"]
[EventRounds "9"]
[EventCountry "ARG"]
[Source "lmi"]
[SourceDate "2010.02.08"]

1. e4 e6 2. d4 d5 3. Nc3 Bb4 4. e5 c5 5. Bd2 Ne7 6. Nb5 Bxd2+ 7. Qxd2 O-O 8. f4
cxd4 9. Nf3 Nbc6 10. Bd3 Qa5 11. Qxa5 Nxa5 12. Nfxd4 Bd7 13. Nd6 Nc8 14. N6b5
a6 15. Nc7 Ra7 16. f5 b5 17. fxe6 fxe6 18. Ncxe6 Bxe6 19. Nxe6 Re8 20. Nd4
Rxe5+ 21. Kd2 Nc4+ 22. Bxc4 dxc4 23. Rae1 Rae7 24. Nc6 Rxe1 25. Rxe1 Rxe1 26.
Kxe1 Kf7 27. Nb8 a5 28. Nc6 a4 29. Kd2 Nd6 30. Kc3 Ke6 31. Kb4 Kd5 32. Na7 Nf5
33. Nxb5 Ne3 34. Nc7+ Ke5 35. Kxa4 Nxg2 36. Kb4 Ne3 37. a4 Kd6 38. Ne8+ Kd7 39.
Nxg7 Nxc2+ 40. Kxc4 Ne3+ 41. Kc5 Ng4 42. h4 Ne5 43. b4 Nd3+ 44. Kb5 Ne5 45. a5
Nf3 46. Kb6 Ne5 47. a6 Nc4+ 48. Kc5 1-0